书目信息 |
| 书名: | 中国传统健身养生图说 | |
| 作者: | 李经纬,朱建军编著. | |
| 分册号: | ||
| 分册名: | 出版地: | 北京 : |
|
| 出版社: | 外文出版社 | |
| 出版时间: | 2007. | |
| 页数: | 401 p. ; | |
| 开本: | 22cm. | |
| 丛书名: | ||
| 中图分类号: | ||
| 科图分类号: | ||
| 其他分类号: | R212-64:H33 | |
| 主题词: | ||
| 电子资源: | ||
| 000 | 00415nam 2200157 a 4500 | |
| 001 | E0730212496 | |
| 005 | 20071002082501.06 | |
| 008 | 071002s2007 00010 eng | |
| 020 | @a978-7-119-03915-2. | |
| 040 | @aPFT@bchi | |
| 041 | @achi@hger | |
| 090 | @aR212-64:H33 | |
| 099 | @dR212-64:H33@ex36 | |
| 245 | @a中国传统健身养生图说 / @c李经纬,朱建军编著. | |
| 260 | @a北京 :@b外文出版社,@c2007. | |
| 300 | @a401 p. ;@c22cm. | |
| 中国传统健身养生图说 / / 李经纬,朱建军编著.-北京 : : 外文出版社, , 2007. |
| 401 p. ; ; 22cm. |
| ISBN 978-7-119-03915-2. |
| ● |
| 相关链接 |
|
|
|
|
正题名:中国传统健身养生图说
索取号:R212-64:H33/x36
 
预约/预借
| 序号 | 登录号 | 条形码 | 馆藏地/架位号 | 状态 | 备注 |
| 1 | 17538 | 300175389 | 第二样本阅览室/ [索取号:R212-64:H33/x36] | 在馆 | |
| 2 | 17706 | 300177065 | 第四借阅区/ [索取号:R212-64:H33/x36] | 在馆 |